Tafsir didalam bayangan al-Quran, surah al-`Imran

Bibliographic Details
Main Author: قطب، سيد (Author)
Format: Book
Published: Kuala Terengganu : Yayasan Islam Terengganu , 1986
Series:Siri penerbitan Yayasan Islam Terengganu 39
Subjects:

MARC

LEADER 00000cam a2200000 7i4500
001 0000005777
005 20220119093000.0
008 021119s1986
090 0 0 |a BP128.2   |b .Q72 
100 1 |a قطب، سيد ,   |e author 
245 1 0 |a Tafsir didalam bayangan al-Quran, surah al-`Imran   |c Syed Qutb ; terjemahan Ismail bin Mohd. Hassan 
260 2 |a Kuala Terengganu :   |b Yayasan Islam Terengganu ,   |c 1986 
300 |a 570 p. ;   |c 21 cm. 
440 0 |a Siri penerbitan Yayasan Islam Terengganu   |v 39 
630 0 0 |a Qur'an   |x Surat al-Imran   |x Commentaries 
999 |a 1000002095   |b Book   |c OPEN SHELF (30 DAYS)   |e Gong Badak Campus